Os Macondes de Moçambique. (Record no. 127418)
[ view plain ]
| 000 -LEADER | |
|---|---|
| fixed length control field | 01254cam a22003011 4500 |
| 001 - CONTROL NUMBER | |
| control field | 7070835 |
| 003 - CONTROL NUMBER IDENTIFIER | |
| control field | ARRUPE |
| 005 - DATE AND TIME OF LATEST TRANSACTION | |
| control field | 20180117101150.0 |
| 008 - FIXED-LENGTH DATA ELEMENTS--GENERAL INFORMATION | |
| fixed length control field | 750905m19649999po abce 000 0 spa |
| 010 ## - LIBRARY OF CONGRESS CONTROL NUMBER | |
| LC control number | 66085834 |
| 035 ## - SYSTEM CONTROL NUMBER | |
| System control number | (OCoLC)1599318 |
| 040 ## - CATALOGING SOURCE | |
| Original cataloging agency | DLC |
| Transcribing agency | DeU |
| Modifying agency | OCoLC |
| -- | DLC |
| 042 ## - AUTHENTICATION CODE | |
| Authentication code | premarc |
| 050 00 - LIBRARY OF CONGRESS CALL NUMBER | |
| Classification number | DT458 |
| Item number | .D5 |
| 300 ## - PHYSICAL DESCRIPTION | |
| Other physical details | illus. (part col.) fold. maps, plans, ports. |
| Dimensions | 29 cm. |
| 110 1# - MAIN ENTRY--CORPORATE NAME | |
| Corporate name or jurisdiction name as entry element | Portugal. |
| Subordinate unit | Junta de Investigações do Ultramar. |
| -- | Centro de Estudos de Antropologia Cultural. |
| 9 (RLIN) | 38546 |
| 245 13 - TITLE STATEMENT | |
| Title | Os Macondes de Moçambique. |
| Statement of responsibility, etc | Antonio Jorge Dias and Manuel Viegos Guerreiro |
| 260 ## - PUBLICATION, DISTRIBUTION, ETC. (IMPRINT) | |
| Place of publication, distribution, etc | Lisboa, |
| Date of publication, distribution, etc | 1964-66 |
| 300 ## - PHYSICAL DESCRIPTION | |
| Extent | 180p. ; |
| 505 1# - FORMATTED CONTENTS NOTE | |
| Formatted contents note | 1. Aspectos históricos e económicos, por J. Dias.--2. Cultura material, por J. Dias e M. Dias.--3. Vida social e ritual, por J. Dias e M. Dias.--4. Sabedoria, lingua, literatura e jogos, por M. Viegas Guerreiro. |
| 650 #0 - SUBJECT ADDED ENTRY--TOPICAL TERM | |
| Topical term or geographic name as entry element | Makonde (African people) |
| 9 (RLIN) | 38547 |
| 700 1# - ADDED ENTRY--PERSONAL NAME | |
| Personal name | Dias, Antonio Jorge. |
| 9 (RLIN) | 38548 |
| 700 1# - ADDED ENTRY--PERSONAL NAME | |
| Personal name | Dias, Margot. |
| 9 (RLIN) | 38549 |
| 700 1# - ADDED ENTRY--PERSONAL NAME | |
| Personal name | Guerreiro, Manuel Viegas. |
| 9 (RLIN) | 38550 |
| 710 1# - ADDED ENTRY--CORPORATE NAME | |
| Corporate name or jurisdiction name as entry element | Portugal. |
| Subordinate unit | Junta de Investigações do Ultramar. |
| -- | Centro de Estudos de Antropologia Cultural. |
| 9 (RLIN) | 38546 |
| 906 ## - LOCAL DATA ELEMENT F, LDF (RLIN) | |
| a | 7 |
| b | cbc |
| c | oclcrpl |
| d | u |
| e | ncip |
| f | 19 |
| g | y-gencatlg |
| 942 ## - ADDED ENTRY ELEMENTS (KOHA) | |
| Source of classification or shelving scheme | Library of Congress Classification |
| Koha item type | Monograph ( Printed materials) |
| Withdrawn status | Lost status | Source of classification or shelving scheme | Damaged status | Not for loan | Collection code | Home library | Current library | Shelving location | Date acquired | Total Checkouts | Full call number | Barcode | Date last seen | Price effective from | Koha item type | Date checked out |
|---|---|---|---|---|---|---|---|---|---|---|---|---|---|---|---|---|
| Library of Congress Classification | Main Collection | ARRUPE LIBRARY | ARRUPE LIBRARY | Main Collection | 17/01/2018 | DT458 .D5 vol. 1 | 46600000886 | 17/01/2018 | 17/01/2018 | Monograph ( Printed materials) | ||||||
| Library of Congress Classification | Main Collection | ARRUPE LIBRARY | ARRUPE LIBRARY | Main Collection | 17/01/2018 | DT458 .D5 vol. 2 | 46600000887 | 17/01/2018 | 17/01/2018 | Monograph ( Printed materials) | ||||||
| Library of Congress Classification | Main Collection | ARRUPE LIBRARY | ARRUPE LIBRARY | Main Collection | 17/01/2018 | 1 | DT458 .D5 vol. 3 | 46600000888 | 01/04/2019 | 17/01/2018 | Monograph ( Printed materials) | 18/03/2019 | ||||
| Library of Congress Classification | Main Collection | ARRUPE LIBRARY | ARRUPE LIBRARY | Main Collection | 17/01/2018 | DT458 .D5 vol. 4 | 46600000889 | 17/01/2018 | 17/01/2018 | Monograph ( Printed materials) |